000
00308nam a22001337a 4500
008
170629b xxu||||| |||| 00| 0 eng d
020
_a
9780631180289
041
_a
eng
080
_a
811
100
_a
22
101
_a
GJL
245
_a
THE WRITING SYSTEM OF THE WORLD
_c
COULMAS.F
942
_2
udc
_c
BK
999
_c
19569
_d
19569